[Event "Poznan op 21st"]
[Site "Poznan"]
[Date "2013.08.11"]
[Round "6"]
[White "Warchol, Maria"]
[Black "Zakrzewski, Marek"]
[Result "0-1"]
[WhiteElo "1869"]
[BlackElo "2163"]
[PlyCount "42"]
[EventDate "2013.08.07"]
[EventType "swiss"]
[EventRounds "9"]
[EventCountry "POL"]
[SourceTitle "CBM 155 Extra"]
[Source "ChessBase"]
[SourceDate "2013.08.26"]
[SourceVersion "1"]
[SourceVersionDate "2013.08.26"]
[SourceQuality "1"]

1. e4 c5 2. Nf3 e6 3. d4 cxd4 4. Nxd4 Nc6 5. Nc3 Qc7 6. Nxc6 bxc6 7. Be3 Nf6 8. Be2 d5 9. exd5 cxd5 10. 0-0 Be7 11. Nb5 Qb8 12. Nxa7 Rxa7 13. Bxa7 Qxa7 14. c3 0-0 15. b4 Bd7 16. a3 Rc8 17. Qd3 Ne4 18. Qd4 Qb7 19. Rac1 Bf6 20. Qd3 Nxc3 21. Rfe1 Bb5 0-1

[Event "Rewal op-B 17th"]
[Site "Rewal"]
[Date "2012.08.??"]
[Round "6"]
[White "Niedbal, Piotr"]
[Black "Warchol, Maria"]
[Result "1-0"]
[WhiteElo "1693"]
[BlackElo "1841"]
[PlyCount "47"]
[EventDate "2012.08.20"]
[EventType "swiss"]
[EventRounds "9"]
[EventCountry "POL"]
[SourceTitle "EXT 2014"]
[Source "ChessBase"]
[SourceDate "2013.11.20"]
[SourceVersion "1"]
[SourceVersionDate "2013.11.20"]
[SourceQuality "1"]

1. e4 e6 2. d4 d5 3. Nd2 Nf6 4. e5 Nfd7 5. Bd3 c5 6. c3 Nc6 7. Ne2 Qb6 8. Nf3 f6 9. exf6 Nxf6 10. 0-0 Bd6 11. Bf4 Bxf4 12. Nxf4 0-0 13. Re1 Re8 14. Ng5 e5 15. Nxh7 Qd8 16. Nxf6+ gxf6 17. Qh5 Re7 18. dxe5 Nxe5 19. Rxe5 fxe5 20. Qg5+ Kf8 21. Ng6+ Ke8 22. Bb5+ Bd7 23. Nxe5 Rxe5 24. Qxe5+ 1-0

[Event "POL-chT U19 2nd League"]
[Site "Borowice"]
[Date "2012.07.21"]
[Round "1"]
[White "Owczarek, Monika"]
[Black "Warchol, Maria"]
[Result "0-1"]
[WhiteElo "1493"]
[BlackElo "1841"]
[PlyCount "60"]
[EventDate "2012.07.21"]
[EventType "team-swiss"]
[EventRounds "11"]
[EventCountry "POL"]
[SourceTitle "EXT 2014"]
[Source "ChessBase"]
[SourceDate "2013.11.20"]
[SourceVersion "1"]
[SourceVersionDate "2013.11.20"]
[SourceQuality "1"]
[WhiteTeam "Zielona Gora KS 64 U19"]
[BlackTeam "Poznan UMKS Na Pieterku U19"]
[WhiteTeamCountry "POL"]
[BlackTeamCountry "POL"]

1. e4 e6 2. d3 d5 3. Nd2 c5 4. Ngf3 Nc6 5. g3 Nf6 6. Bg2 Be7 7. 0-0 Qc7 8. Re1 0-0 9. c3 Rd8 10. Qe2 dxe4 11. dxe4 b6 12. h3 Bb7 13. Nh2 Ne5 14. Ndf1 Nd3 15. Rd1 c4 16. Nf3 Nxe4 17. Be3 Bc5 18. Nd4 Nf6 19. Nb5 Qe7 20. b3 Bxg2 21. Kxg2 Qb7+ 22. Kh2 Ne5 23. Qb2 Nf3+ 24. Kh1 Nh4+ 25. f3 Qxf3+ 26. Kh2 Rxd1 27. Rxd1 Qxd1 28. gxh4 Qxf1 29. Bxc5 bxc5 30. Qd2 Qd3 0-1

[Event "Poznan op 20th"]
[Site "Poznan"]
[Date "2011.07.19"]
[Round "4"]
[White "Hemmerling, Jaroslaw"]
[Black "Warchol, Maria"]
[Result "0-1"]
[WhiteElo "1994"]
[BlackElo "1820"]
[PlyCount "91"]
[EventDate "2011.07.16"]
[EventType "swiss"]
[EventRounds "9"]
[EventCountry "POL"]
[SourceTitle "CBM 143 Extra"]
[Source "ChessBase"]
[SourceDate "2011.08.29"]
[SourceVersion "1"]
[SourceVersionDate "2011.08.29"]
[SourceQuality "1"]

1. Nf3 d5 2. g3 c6 3. Bg2 Nf6 4. 0-0 Bf5 5. c4 dxc4 6. Na3 e6 7. Nxc4 h6 8. d3 Nbd7 9. Bf4 Nb6 10. Na5 Qc8 11. Nd4 Nfd5 12. Rc1 Bg6 13. e4 Nxf4 14. gxf4 Qd7 15. Nab3 Rc8 16. f5 exf5 17. exf5 Bxf5 18. Re1+ Be7 19. Qe2 Bg4 20. f3 Be6 21. Nxe6 Qxe6 22. Qf2 Qf6 23. Qe3 Rc7 24. d4 0-0 25. Nc5 Nd5 26. Qe5 Qxe5 27. dxe5 Bg5 28. Rc4 Be3+ 29. Kh1 Re7 30. Nd3 Rd8 31. f4 Nb6 32. Re4 Bd2 33. Bf1 Bxe1 34. Rxe1 Nc4 35. Rc1 Ne3 36. Be2 Red7 37. Rc3 Nd1 38. Bxd1 Rxd3 39. Rxd3 Rxd3 40. Bb3 Rf3 41. f5 Rxf5 42. e6 Rf4 43. exf7+ Rxf7 44. Kg2 Kf8 45. Bxf7 Kxf7 46. Kf3 0-1

[Event "POL-ch U18 Girls"]
[Site "Murzasichle"]
[Date "2011.03.11"]
[Round "8"]
[White "Kowalska, Sara"]
[Black "Warchol, Maria"]
[Result "1/2-1/2"]
[WhiteElo "1876"]
[BlackElo "1794"]
[PlyCount "78"]
[EventDate "2011.03.05"]
[EventType "swiss"]
[EventRounds "9"]
[EventCountry "POL"]
[SourceTitle "EXT 2012"]
[Source "ChessBase"]
[SourceDate "2011.11.24"]
[SourceVersion "1"]
[SourceVersionDate "2011.11.24"]
[SourceQuality "1"]

1. d4 d5 2. c4 e6 3. Nc3 c6 4. e3 f5 5. Nf3 Bd6 6. Be2 Nf6 7. Qc2 0-0 8. 0-0 Nbd7 9. Rb1 dxc4 10. Bxc4 Nb6 11. Bd3 Nbd5 12. a3 Kh8 13. b4 a6 14. Ne5 Bxe5 15. dxe5 Ng4 16. Nxd5 cxd5 17. f4 d4 18. Qe2 Qb6 19. e4 Bd7 20. exf5 exf5 21. h3 Nh6 22. Bb2 Rfd8 23. Rbc1 Rac8 24. Qf2 Rxc1 25. Rxc1 Be6 26. Rc5 Rd5 27. Rxd5 Bxd5 28. Bxd4 Qc6 29. Qg3 Be6 30. Bc5 Kg8 31. Qg5 Nf7 32. Qe7 h6 33. Qf8+ Kh7 34. Bxf5+ Bxf5 35. Qxf7 Qe4 36. Bf8 Qe3+ 37. Kh1 Qc1+ 38. Kh2 Qxf4+ 39. Kh1 Qf1+ 1/2-1/2

[Event "POL-ch U18 Girls"]
[Site "Murzasichle"]
[Date "2011.03.09"]
[Round "6"]
[White "Warchol, Maria"]
[Black "Gluszko, Monika"]
[Result "0-1"]
[WhiteElo "1794"]
[BlackElo "1990"]
[PlyCount "122"]
[EventDate "2011.03.05"]
[EventType "swiss"]
[EventRounds "9"]
[EventCountry "POL"]
[SourceTitle "EXT 2012"]
[Source "ChessBase"]
[SourceDate "2011.11.24"]
[SourceVersion "1"]
[SourceVersionDate "2011.11.24"]
[SourceQuality "1"]

1. e4 e5 2. Nf3 Nc6 3. Bc4 Nf6 4. d4 exd4 5. e5 Ne4 6. 0-0 d5 7. Bb5 Bg4 8. Qd3 Bxf3 9. Qxf3 Be7 10. Qg4 Qd7 11. Bxc6 Qxc6 12. f3 Nc5 13. Qxg7 0-0-0 14. Qxf7 Qd7 15. Qh5 Rdg8 16. f4 Rg4 17. f5 Rhg8 18. g3 Ne4 19. Bf4 Bh4 20. Rf3 Qb5 21. f6 Qd7 22. f7 Rf8 23. Bh6 Bxg3 24. hxg3 Rxg3+ 25. Rxg3 Nxg3 26. Qf3 Qxf7 27. Qg4+ Qf5 28. Qxf5+ Rxf5 29. Kg2 Ne4 30. e6 Kd8 31. Na3 Rf6 32. Bc1 h5 33. Nb5 c5 34. Nd6 Rg6+ 35. Kh3 Nxd6 36. Kh4 Rxe6 37. Kxh5 Kd7 38. Bf4 Re2 39. Rg1 Re7 40. Rg5 Kc6 41. Rg6 Rd7 42. Kg4 c4 43. b4 cxb3 44. axb3 a5 45. Kf3 Kc5 46. Ke2 Ne4 47. Bb8 b6 48. Bf4 Rf7 49. Rg4 Rh7 50. Rg8 Nc3+ 51. Kd2 Rh1 52. Rc8+ Kb5 53. Rxc3 dxc3+ 54. Kxc3 Rh3+ 55. Kb2 Kc6 56. Be5 b5 57. Bd4 a4 58. b4 Kd7 59. c3 Ke6 60. Ka3 Kf5 61. Ka2 Ke4 0-1

[Event "POL-ch U18 Girls"]
[Site "Murzasichle"]
[Date "2011.03.07"]
[Round "4"]
[White "Krupa, Anna"]
[Black "Warchol, Maria"]
[Result "0-1"]
[WhiteElo "1897"]
[BlackElo "1794"]
[PlyCount "80"]
[EventDate "2011.03.05"]
[EventType "swiss"]
[EventRounds "9"]
[EventCountry "POL"]
[SourceTitle "EXT 2012"]
[Source "ChessBase"]
[SourceDate "2011.11.24"]
[SourceVersion "1"]
[SourceVersionDate "2011.11.24"]
[SourceQuality "1"]

1. d4 d5 2. Bg5 c6 3. e3 Qb6 4. b3 Bf5 5. Nf3 Nd7 6. Bd3 Be4 7. 0-0 Ngf6 8. Qe2 e6 9. c4 Bxd3 10. Qxd3 Ne4 11. Bh4 Ndf6 12. c5 Qc7 13. Ne5 Be7 14. b4 Nd7 15. Nxd7 Qxd7 16. Bxe7 Qxe7 17. f3 Nf6 18. Nd2 0-0 19. f4 b5 20. a4 a6 21. Ra3 Ra7 22. Rfa1 Rfa8 23. Nf3 Qc7 24. Qb3 Ne4 25. Qb2 h6 26. axb5 axb5 27. Ne5 Ra4 28. Rxa4 Rxa4 29. Rxa4 bxa4 30. Qa3 f6 31. Nd3 Qa7 32. Nb2 Qa6 33. Nd3 Qc4 34. h3 Nd2 35. Kf2 Qc2 36. Kg3 Nb1 37. Ne1 Nxa3 38. Nxc2 Nxc2 39. b5 Nb4 40. b6 Na6 0-1

[Event "POL-ch U18 Girls"]
[Site "Murzasichle"]
[Date "2011.03.06"]
[Round "2"]
[White "Zmarzly, Aleksandra"]
[Black "Warchol, Maria"]
[Result "1-0"]
[WhiteElo "2118"]
[BlackElo "1794"]
[PlyCount "67"]
[EventDate "2011.03.05"]
[EventType "swiss"]
[EventRounds "9"]
[EventCountry "POL"]
[SourceTitle "EXT 2012"]
[Source "ChessBase"]
[SourceDate "2011.11.24"]
[SourceVersion "1"]
[SourceVersionDate "2011.11.24"]
[SourceQuality "1"]

1. d4 d5 2. c4 e6 3. Nc3 c6 4. e3 Bd6 5. Qc2 f5 6. Bd3 Nf6 7. Nge2 0-0 8. f3 a6 9. c5 Bc7 10. Bd2 Nbd7 11. 0-0 b6 12. cxb6 Nxb6 13. a4 a5 14. Na2 Qd6 15. g3 Ba6 16. Bxa6 Rxa6 17. Rfc1 Nc4 18. b3 Nxd2 19. Qxd2 Rb8 20. Rc3 Qd7 21. Rac1 Bd6 22. Qc2 Ba3 23. Rb1 Bd6 24. Nf4 e5 25. Nd3 e4 26. Ne5 Bxe5 27. dxe5 Nh5 28. fxe4 Rab6 29. exf5 d4 30. Qd3 Rd8 31. Rd1 dxc3 32. Qc4+ Kh8 33. Rxd7 Rxd7 34. Nxc3 1-0

[Event "POL-chT U19 1st League"]
[Site "Suchedniow"]
[Date "2010.07.14"]
[Round "9"]
[White "Chrzaszcz, Malvina"]
[Black "Warchol, Maria"]
[Result "1-0"]
[WhiteElo "2032"]
[BlackElo "1826"]
[PlyCount "77"]
[EventDate "2010.07.06"]
[EventType "team-tourn"]
[EventRounds "9"]
[EventCountry "POL"]
[SourceTitle "EXT 2019"]
[Source "ChessBase"]
[SourceDate "2018.10.10"]
[SourceVersion "1"]
[SourceVersionDate "2018.10.10"]
[SourceQuality "1"]
[WhiteTeam "Chrzanow UKS SP 8 U19"]
[BlackTeam "Poznan UMKS Na Pieterku U19"]
[WhiteTeamCountry "POL"]
[BlackTeamCountry "POL"]

1. e4 e6 2. d4 d5 3. Nd2 Be7 4. Ngf3 Nf6 5. e5 Nfd7 6. Bd3 c5 7. c3 Nc6 8. Qe2 Qb6 9. dxc5 Nxc5 10. Bb1 Qc7 11. 0-0 0-0 12. Nb3 b6 13. Nxc5 bxc5 14. Qd3 g6 15. Bh6 Re8 16. Re1 Bf8 17. Qe3 Ne7 18. h4 Bb7 19. h5 d4 20. cxd4 Bxf3 21. Bxf8 Rxf8 22. Qxf3 cxd4 23. Be4 Nd5 24. Bxd5 exd5 25. Qxd5 Rad8 26. Qf3 gxh5 27. Re4 Qb6 28. Qxh5 Kh8 29. e6 f5 30. Ree1 Qb7 31. e7 Rg8 32. g3 Rde8 33. Qxf5 Rxe7 34. Qf6+ Reg7 35. Qxd4 Rf8 36. Re3 Qf7 37. Re4 h6 38. Rae1 Kh7 39. Qc5 1-0

[Event "Poznan op-B 18th"]
[Site "Poznan"]
[Date "2009.07.22"]
[Round "4"]
[White "Warchol, Maria"]
[Black "Grochowski, Robert"]
[Result "1-0"]
[WhiteElo "1834"]
[BlackElo "1843"]
[PlyCount "57"]
[EventDate "2009.07.19"]
[EventType "swiss"]
[EventRounds "9"]
[EventCountry "POL"]
[SourceTitle "EXT 2011"]
[Source "ChessBase"]
[SourceDate "2010.11.26"]
[SourceVersion "1"]
[SourceVersionDate "2010.11.26"]
[SourceQuality "1"]

1. e4 c6 2. d4 d5 3. exd5 cxd5 4. Bd3 Nc6 5. c3 Nf6 6. Bf4 Bg4 7. Qb3 a6 8. Nd2 b5 9. Ngf3 e6 10. 0-0 Bd6 11. Bxd6 Qxd6 12. Rae1 0-0 13. Ne5 Bh5 14. f4 Na5 15. Qc2 Nc4 16. Ndf3 Rac8 17. f5 exf5 18. Bxf5 Bg6 19. Nxg6 hxg6 20. Bxc8 Rxc8 21. Ne5 b4 22. Qf2 bxc3 23. bxc3 Qa3 24. Nd7 Qxc3 25. Nxf6+ gxf6 26. Qxf6 Rf8 27. Re8 Qb4 28. Qxf7+ Kh8 29. Rxf8+ 1-0

[Event "POL-chT U19 40th"]
[Site "Chotowa"]
[Date "2009.07.??"]
[Round "3"]
[White "Kowalska, Sara"]
[Black "Warchol, Maria"]
[Result "1-0"]
[WhiteElo "1880"]
[BlackElo "1834"]
[PlyCount "43"]
[EventDate "2009.07.06"]
[EventType "team-tourn"]
[EventRounds "9"]
[EventCountry "POL"]
[SourceTitle "EXT 2012"]
[Source "ChessBase"]
[SourceDate "2011.11.24"]
[SourceVersion "1"]
[SourceVersionDate "2011.11.24"]
[SourceQuality "1"]
[WhiteTeam "Poznan Pocztowiec U19"]
[BlackTeam "Poznan UMKS Na Pieterku U19"]
[WhiteTeamCountry "POL"]
[BlackTeamCountry "POL"]

1. d4 d5 2. c4 e6 3. Nc3 c6 4. e3 f5 5. Nf3 Bd6 6. Bd3 Qc7 7. 0-0 b6 8. Qc2 Ne7 9. b3 Ba6 10. Bb2 Nd7 11. Rac1 dxc4 12. bxc4 c5 13. Nb5 Bxb5 14. cxb5 Rg8 15. Bc4 Nf8 16. Qb3 Qd7 17. Ng5 Neg6 18. Nxe6 Ke7 19. Nxc5 bxc5 20. Bxg8 cxd4 21. Bxd4 Kd8 22. Rfd1 1-0